000 00692nam a2200241Ia 4500
003 OSt
005 20220923215340.0
006 a|||||r|||| 00| 0
007 ta
008 220922b |||||||| |||| 00| 0 hin d
024 _a177,976
037 _cTextual
040 _aARTS
_cARTS
_bhin
041 _2hin
_ahin
082 _aO152,1I00x, M2
100 _aकबीर
245 0 _aकबीर वाणी
246 _aKabīr vāṇī
260 _aपांडिचेरी
_b विश्वविद्यालय प्रकाशन
_c1982
300 _a459 पृ.
_ccm.
942 _hO152,1I00x, M2
_cTEXL
_2CC
999 _c331358
_d331358